00541nam a22001697a 450000500170000001000150001702000300003203500140006203700130007608200100008910000230009924500960012225000090021826000510022727000710027830000220034920210819123807.0 aENG-129759 c300.00a978-81-947069-7-7 aEN-113291 bDBAD/PUB a006.3 aNesamani, S. Leena aArtificial Intelligence :cS. Leena Nesamani, R. Rajalakshmi, V. R. Niveditha, I. S. Beschi a2021 aChannaibJupiter Publications Consortiumc2021 bChennaia22/102, Second Street, Virugambakkammdirector@jpc.in.net a179p.c21cm (pbk)